Metallica Tracks Quiz-Kill 'Em All - Statistics

General Stats
  • This quiz has been taken 143 times
  • The average score is 8 of 10
Answer Stats
Track Number Songs % Correct
9 Seek & Destroy
91%
2 The Four Horsemen
89%
1 Hit the Lights
88%
6 Whiplash
84%
4 Jump In the Fire
79%
10 Metal Militia
75%
8 No Remorse
73%
3 Motorbreath
72%
7 Phantom Lord
70%
5 (Anesthesia)--Pulling Teeth
68%
No matching quizzes found
Score Distribution
Percent of People with Each Score
Percentile by Number Answered
Your Score History
You have not taken this quiz